000 00661nam a2200193 4500
001 121439
003 ES-MaACL
005 20250919111023.0
007 t|
008 070214s1968 sp r ||||1| spa d
245 0 0 _aPlan y beneficio en la economía soviética /
_cEvsei Liberman... [et al.] ; selección de textos e introducción, Lisa Foa ; la traducción, por J. Solé-Tura.
260 _aBarcelona [etc.] :
_bAriel,
_c1968.
300 _a198 p. ;
_c18 cm.
700 1 _aLiberman, Evsei.
_972164
700 1 _aFoa, Lisa.
_951381
700 1 _aSolé Tura, Jordi,
_d1930-2009
_9107136
852 _aES-MaACL
_jC-37178
_bR.66598
999 _c121439
_d121439